000 00444nam a2200181Ia 4500
001 11760
005 20260306162851.0
008 260306t2019||||xx |||||||||||||| ||spa||
041 _aESP
082 _aHR 150
_bV. 9 N° 2 2019 RP.2
110 _aUniversidad Católica San Pablo
245 0 _aRevista de psicología
260 _c2019
300 _a145 páginas :
_c24 cm.
650 _aGEN
654 _aCPS
942 _cREV
_dJUS
_fJUS
_2ddc
_n
999 _c11760
_d11760